Drag Race México Queens by Photo - Statistics

General Stats
  • This quiz has been taken 45 times
    28 since last reset
  • The average score is 19 of 24
Answer Stats
Picture Hint Answer % Correct
🇲🇽 Season 1 🇲🇽 Gala Varo
100%
🇲🇽 Season 1 🇲🇽 Cristian Peralta
95%
🇲🇽 Season 1 🇲🇽 Matraka
95%
🇲🇽 Season 2 🇲🇽 Leexa Fox
89%
🇲🇽 Season 1 🇲🇽 Margaret Y Ya
89%
🇲🇽 Season 1 🇲🇽 Argennis
84%
🇲🇽 Season 2 🇲🇽 Elektra Vandergeld
84%
🇲🇽 Season 1 🇲🇽 Pixie Pixie
84%
🇲🇽 Season 1 🇲🇽 Regina Voce
84%
🇲🇽 Season 2 🇲🇽 Ava Pocket
79%
🇲🇽 Season 2 🇲🇽 Eva Blunt
79%
🇲🇽 Season 2 🇲🇽 Horacio Potasio
79%
🇲🇽 Season 2 🇲🇽 Jenary Bloom
79%
🇲🇽 Season 1 🇲🇽 Lady Kero
79%
🇲🇽 Season 1 🇲🇽 Miss Vallarta
79%
🇲🇽 Season 2 🇲🇽 Suculenta
79%
🇲🇽 Season 2 🇲🇽 Nina de la Fuente
74%
🇲🇽 Season 1 🇲🇽 Serena Morena
74%
🇲🇽 Season 1 🇲🇽 Vermelha Noir
74%
🇲🇽 Season 2 🇲🇽 María Bonita
68%
🇲🇽 Season 2 🇲🇽 Garçonne
63%
🇲🇽 Season 2 🇲🇽 Luna Lansman
63%
🇲🇽 Season 2 🇲🇽 Unique
63%
🇲🇽 Season 2 🇲🇽 Ignus Ars
53%
No matching quizzes found
Score Distribution
Percent of People with Each Score
Percentile by Number Answered
Your Score History
You have not taken this quiz since the last reset